Stuart City trend, Lower Cretaceous, south Texas : a carbonate shelf-margin model for hydrocarbon exploration /

Bibliographic Details
Main Author: Bebout, Don G.
Other Authors: Loucks, R. G.
Format: Book
Language:English
Published: Austin : Bureau of Economic Geology, University of Texas at Austin, 1974.
Series:Report of investigations (University of Texas at Austin. Bureau of Economic Geology) ; no. 78.
Subjects:

MARC

Tag First Indicator Second Indicator Subfields
LEADER 00000cam a2200000 i 4500
001 in00000207621
005 20151009055943.0
008 750905s1974 txua b 00010 eng
010 |a  75622565  
035 |a (OCoLC)01677392 
035 |9 AAX2283AM 
040 |a DLC  |c DLC  |d TXA  |d UtOrBLW 
043 |a n-us-tx 
049 |a TXAM  |c [928068] 
050 0 0 |a QE167  |b .T42 no. 78  |a QE686 
082 0 |a 553/.09764 s  |a 551.7/7/097641 
100 1 |a Bebout, Don G. 
245 1 0 |a Stuart City trend, Lower Cretaceous, south Texas :  |b a carbonate shelf-margin model for hydrocarbon exploration /  |c by D. G. Bebout and R. G. Loucks. 
264 1 |a Austin :  |b Bureau of Economic Geology, University of Texas at Austin,  |c 1974. 
300 |a 80 pages :  |b illustrations ;  |c 28 cm. 
336 |a text  |b txt  |2 rdacontent 
337 |a unmediated  |b n  |2 rdamedia 
338 |a volume  |b nc  |2 rdacarrier 
490 1 |a Report of investigations - Bureau of Economic Geology, University of Texas at Austin ; no. 78 
504 |a Bibliography: pages 79-80. 
650 0 |a Geology, Stratigraphic  |y Cretaceous. 
650 0 |a Carbonate rocks. 
650 0 |a Petroleum  |x Geology  |z Texas. 
700 1 |a Loucks, R. G. 
830 0 |a Report of investigations (University of Texas at Austin. Bureau of Economic Geology) ;  |v no. 78. 
999 |a MARS 
999 f f |s fd9d855f-9949-3dce-827d-7e0d3c457928  |i bea5c7c1-dd61-32f9-a3de-6978ba9806ea  |t 0 
952 f f |p normal  |a Texas A&M University  |b College Station  |c Sterling C. Evans Library  |d Evans: Library Stacks  |t 0  |e QE167 .T42 no. 78  |h Library of Congress classification  |i unmediated -- volume  |m A14804775298 
998 f f |a QE167 .T42 no. 78  |t 0  |l Evans: Library Stacks